[Event "Challenge"]
[Site "http://www.queenalice.com/game.php?id=55558"]
[Date "2006.3.2"]
[Round "-"]
[White "Matt"]
[Black "Jim"]
[Result "1-0"]
[WhiteElo "1095"]
[BlackElo "1100"]

1. e4 c5 2. Bc4 e6 3. f4 Qa5 4. f5 a6 5. fxe6 dxe6 6. c3 Nf6 7. d3 Bd6 8. a3 O-O
9. Bd2 e5 10. Ra2 Bg4 11. Nf3 b5 12. b4 cxb4 13. axb4 Qxa2 14. Bxa2 Nc6 15. h3
Bh5 16. g4 Bg6 17. h4 a5 18. h5 Bxh5 19. gxh5 axb4 20. Ng5 Rxa2 21. Be3 Ng4 22.
Qxg4 Raa8 23. h6 bxc3 24. Ne6 Rfe8 25. Qxg7# 1-0

[Event "Challenge"]
[Site "http://www.queenalice.com/game.php?id=55561"]
[Date "2006.3.2"]
[Round "-"]
[White "Matt"]
[Black "Petita39"]
[Result "1-0"]
[WhiteElo "1226"]
[BlackElo "1100"]

1. e4 e5 2. Bc4 Nc6 3. Qf3 Nf6 4. g4 d5 5. exd5 Nd4 6. Qd1 Bc5 7. g5 Nh5 8. Qxh5
Nxc2+ 9. Kd1 Nxa1 10. d6 g6 11. Qf3 Bf5 12. Qd5 cxd6 13. Qxf7# 1-0

[Event "Let's Play Chess!"]
[Site "http://www.queenalice.com/game.php?id=56555"]
[Date "2006.3.9"]
[Round "-"]
[White "chaian"]
[Black "Matt"]
[Result "1-0"]
[WhiteElo "1100"]
[BlackElo "1237"]

1. e4 Nf6 2. Nc3 d6 3. Nf3 Nc6 4. Bb5 a6 5. Ba4 b5 6. Bb3 Bb7 7. d4 e5 8. d5 Na5
9. Be3 c5 10. a3 c4 11. Ba2 h6 12. b3 Rc8 13. Rb1 Ng4 14. Qe2 Be7 15. bxc4 bxc4
16. Ng5 Qd7 17. Rxb7 Nxb7 18. Nf3 Rc5 19. O-O Ra5 20. Bxc4 Rxa3 21. Bxa6 Rxc3
22. Qb5 Rxc2 23. Qxb7 Rc7 24. Qb5 Nxe3 25. fxe3 g5 26. Qb8+ Bd8 27. Rb1 Ke7 28.
Rb7 Qa4 29. Rxc7+ Bxc7 30. Qxc7+ Kf8 31. Qxd6+ Kg8 32. Nxe5 Rh7 33. Bc4 f6 34.
Qxf6 Qa1+ 35. Qf1 Qxe5 36. d6+ Kh8 37. Qf8# 1-0

[Event "Challenge"]
[Site "http://www.queenalice.com/game.php?id=56664"]
[Date "2006.3.10"]
[Round "-"]
[White "Matt"]
[Black "pbeesley"]
[Result "1-0"]
[WhiteElo "1216"]
[BlackElo "1331"]

1. e3 Nc6 2. Bd3 Ne5 3. Be2 Nf6 4. d4 Nc6 5. Bd2 e6 6. Nc3 Nd5 7. e4 Nxc3 8.
Bxc3 f5 9. Bd3 fxe4 10. Bxe4 Nb8 11. Nf3 d5 12. Bd3 g5 13. Qe2 g4 14. Ng5 Qxg5
15. Bd2 Qf6 16. Bb5+ c6 17. Bd3 Qxd4 18. c3 Qf6 19. O-O Bd6 20. h3 gxh3 21. Qf3
h2+ 22. Kh1 Rf8 23. Qh5+ Kd7 24. g3 Qe5 25. Qxh7+ Be7 26. Bf4 Qh8 27. Kxh2 Na6
28. Kg2 Nc5 29. Rh1 Nxd3 30. Qxd3 Qg8 31. Be5 Qf7 32. f4 b5 33. Rh7 Qg8 34. Rah1
Bb7 35. Kf3 c5 36. R1h6 c4 37. Qc2 d4+ 38. Kf2 d3 39. Qb1 a5 40. Qd1 b4 41. Rh8
Bc5+ 42. Bd4 Qg7 43. R8h7 Rg8 44. Bxc5 Rac8 45. Bd4 Kd6 46. Rxg7 Rxg7 47. Bxg7
bxc3 48. bxc3 a4 49. Qe1 Bd5 50. Be5+ Ke7 51. g4 Rg8 52. g5 Rd8 53. Rh7+ Ke8 54.
Qd1 Be4 55. Qh5+ Bg6 56. Qxg6+ 1-0

[Event "Challenge"]
[Site "http://www.queenalice.com/game.php?id=56670"]
[Date "2006.3.10"]
[Round "-"]
[White "reimlima"]
[Black "Matt"]
[Result "0-1"]
[WhiteElo "961"]
[BlackElo "1218"]

1. e4 e5 2. Qh5 Nf6 3. Qxe5+ Qe7 4. Qxe7+ Bxe7 5. e5 Ng4 6. Nf3 d6 7. h3 Nh6 8.
Bc4 Be6 9. Na3 d5 10. Bb3 f6 11. Nb5 Kd8 12. Nfd4 Kd7 13. Ba4 c6 14. d3 cxb5 15.
Nxb5 Rc8 16. Nxa7+ Rc6 17. Nxc6 bxc6 18. b3 Bb4+ 19. c3 Bxc3+ 20. Ke2 Bxa1 21.
Ke3 Nf5+ 22. Kf4 Bxe5+ 23. Kg4 g6 24. f4 h5+ 25. Kf3 Nh4+ 26. Ke3 d4+ 27. Kd2
Bxf4+ 28. Kc2 Nxg2 29. Bxf4 Nxf4 30. Rf1 g5 31. Kb2 Ke7 32. Ka3 Nxd3 33. Rd1 Bf5
34. b4 Nd7 35. Rd2 Nb6 36. Re2+ Kd6 37. Kb3 Nxa4 38. Kc4 Nb6+ 39. Kxd4 g4 40.
Re3 Nxb4 41. Rb3 Nxa2 42. Rxb6 gxh3 43. Rb1 Ra3 44. Ra1 Rd3+ 45. Kc4 Rc3+ 46.
Kd4 Rc1 47. Rxa2 Rc2 48. Ra5 Bg6 49. Ra1 h2 50. Ke3 Rc4 51. Kf3 Rh4 52. Kg3 h1=Q
53. Rxh1 Rxh1 54. Kg2 Be4+ 55. Kf2 c5 56. Ke3 Bd5 57. Kf4 c4 58. Kf5 c3 59. Kxf6
c2 60. Kg6 c1=Q 61. Kf5 Qe1 62. Kg5 Qf1 63. Kh6 Rg1 64. Kxh5 Qh3# 0-1

[Event "Challenge"]
[Site "http://www.queenalice.com/game.php?id=56682"]
[Date "2006.3.10"]
[Round "-"]
[White "orazio76"]
[Black "Matt"]
[Result "1-0"]
[WhiteElo "1353"]
[BlackElo "1227"]

1. e4 e5 2. Bc4 Nh6 3. Qf3 Bc5 4. d3 d6 5. Qg3 Qf6 6. Nf3 g6 7. Bxh6 c6 8. Ng5
Bg4 9. Qxg4 Qxf2+ 10. Kd1 Be3 11. Nxf7 d5 12. Qe6# 1-0

[Event "AUTO-INT-81"]
[Site "http://www.queenalice.com/game.php?id=57773"]
[Date "2006.3.16"]
[Round "1"]
[White "compras_marcelo"]
[Black "Matt"]
[Result "1-0"]
[WhiteElo "1185"]
[BlackElo "1146"]

1. Nf3 Nf6 2. c4 d5 3. cxd5 Qxd5 4. Qa4+ Bd7 5. Qc2 Na6 6. e4 Qxe4+ 7. Be2 Bb5
8. d3 Qb4+ 9. Kf1 Ba4 10. b3 Bc6 11. Ba3 1-0

[Event "AUTO-INT-81"]
[Site "http://www.queenalice.com/game.php?id=57789"]
[Date "2006.3.16"]
[Round "1"]
[White "Matt"]
[Black "J_Ricardo"]
[Result "0-1"]
[WhiteElo "1237"]
[BlackElo "1160"]

1. a4 Nf6 2. Ra3 Nc6 3. c3 e5 4. e4 Nxe4 5. Qf3 d5 6. c4 Bxa3 7. Qxa3 Qf6 8. Nh3
Bxh3 9. gxh3 Qxf2+ 10. Kd1 dxc4 11. d3 Rd8 12. Be2 Nd4 13. Bg5 Qxe2+ 14. Kc1
Qc2# 0-1

[Event "AUTO-INT-81"]
[Site "http://www.queenalice.com/game.php?id=57790"]
[Date "2006.3.16"]
[Round "1"]
[White "J_Ricardo"]
[Black "Matt"]
[Result "1-0"]
[WhiteElo "1292"]
[BlackElo "1146"]

1. e4 e5 2. Nf3 Qf6 3. d3 a5 4. Be3 Ra6 5. Be2 Bb4+ 6. Bd2 Nc6 7. a3 Bxd2+ 8.
Nbxd2 d6 9. b4 Rb6 10. Nc4 Rb5 11. bxa5 d5 12. exd5 Rxd5 13. O-O b5 14. Ncxe5
Nxe5 15. d4 Ng6 16. Rb1 Nf4 17. Bxb5+ c6 18. Bc4 Qg6 19. g3 Rh5 20. Bd3 Qg4 21.
Re1+ Be6 22. Rb8+ Ke7 23. Re4 Qxf3 24. Qxf3 Nh3+ 25. Kf1 g6 26. Re3 Rxa5 27.
Rb7+ Kd6 28. Rb6 Rxa3 29. Qxc6+ Ke7 30. Rxe6+ Kf8 31. Re8+ 1-0

[Event "AUTO-INT-81"]
[Site "http://www.queenalice.com/game.php?id=57791"]
[Date "2006.3.16"]
[Round "1"]
[White "Matt"]
[Black "csadler"]
[Result "0-1"]
[WhiteElo "1210"]
[BlackElo "1544"]

1. e4 c6 2. Qf3 d5 3. exd5 cxd5 4. Bb5+ Nc6 5. Ne2 Nf6 6. Nf4 e6 7. b3 Bd6 8. c4
Qc7 9. Ba4 Bxf4 10. g3 Be5 11. cxd5 exd5 12. b4 O-O 13. b5 Bxa1 14. Bc2 Nd4 15.
Qd1 Nxc2+ 0-1

[Event "AUTO-INT-81"]
[Site "http://www.queenalice.com/game.php?id=57792"]
[Date "2006.3.16"]
[Round "1"]
[White "csadler"]
[Black "Matt"]
[Result "1-0"]
[WhiteElo "1538"]
[BlackElo "1210"]

1. Nf3 Nc6 2. e4 Nf6 3. e5 Ng4 4. d4 Nb4 5. h3 Nh6 6. c3 Nd5 7. Bc4 Nb6 8. Bb3
e6 9. O-O Rg8 10. Nbd2 g5 11. Ne4 Nd5 12. Bxd5 exd5 13. Nf6+ 1-0

[Event "AUTO-BEG-12"]
[Site "http://www.queenalice.com/game.php?id=58719"]
[Date "2006.3.22"]
[Round "1"]
[White "Matt"]
[Black "caiohps"]
[Result "0-1"]
[WhiteElo "1230"]
[BlackElo "1133"]

1. e4 e5 2. Bc4 a6 3. Qf3 Qf6 4. Nh3 Qxf3 5. gxf3 d6 6. Ng1 c6 7. d3 b5 8. Bb3
c5 9. c4 bxc4 10. Ba4+ Kd8 11. Nc3 Be6 0-1

[Event "AUTO-BEG-12"]
[Site "http://www.queenalice.com/game.php?id=58720"]
[Date "2006.3.22"]
[Round "1"]
[White "caiohps"]
[Black "Matt"]
[Result "1-0"]
[WhiteElo "1111"]
[BlackElo "1252"]

1. e4 e5 2. c4 Nf6 3. f3 Bb4 4. a3 Bc5 5. b4 Bd4 6. Ra2 Nh5 7. g4 Nf4 8. d3 Qh4+
9. Kd2 Qf2+ 10. Be2 Ng2 11. Qf1 Qe3+ 12. Kd1 1-0

[Event "Challenge"]
[Site "http://www.queenalice.com/game.php?id=59094"]
[Date "2006.3.24"]
[Round "-"]
[White "Cyrilou"]
[Black "Matt"]
[Result "1-0"]
[WhiteElo "1273"]
[BlackElo "1189"]

1. e4 e5 2. Qh5 Nc6 3. Bc4 Nh6 4. d3 Bc5 5. Bxh6 Qf6 6. Nh3 g6 7. Qg5 Be7 8. Rf1
Nd4 9. Qd2 g5 10. Bxg5 Qg6 11. f4 exf4 12. Qxf4 1-0